| 000 | 00343cam a22001217a 4500 | ||
|---|---|---|---|
| 008 | 180718b1987 xxu||||| |||| 00| 0 eng d | ||
| 082 | _aA98 W257 | ||
| 100 | _aWarrier, S.K. | ||
| 245 |
_aTowards the top profiles in successful management _cby S.K. Warrier |
||
| 260 |
_aDelhi _bAsian _c1987 |
||
| 300 | _a176p. | ||
| 650 | _aExecutives - Biography | ||
| 999 |
_c356885 _d356885 |
||